[Event "Bucaramanga Udi Cup"]
[Site "Bucaramanga"]
[Date "2014.10.19"]
[Round "8"]
[White "Santoyo Silva, Sergio Julian"]
[Black "Rivera Roa, Johan Fernando"]
[Result "1-0"]
[WhiteElo "1869"]
[BlackElo "1500"]
[PlyCount "57"]
[EventDate "2014.10.15"]
[EventType "swiss"]
[EventRounds "9"]
[EventCountry "COL"]
[SourceTitle "EXT 2015"]
[Source "ChessBase"]
[SourceDate "2014.11.20"]
[SourceVersion "1"]
[SourceVersionDate "2014.11.20"]
[SourceQuality "1"]

1. e4 c5 2. Nf3 d6 3. d4 cxd4 4. Nxd4 e5 5. Nb3 Be6 6. Nc3 Nf6 7. Be2 Be7 8. f3 a6 9. Be3 Nc6 10. Qd2 0-0 11. 0-0-0 Ne8 12. g4 h6 13. h4 f6 14. Nd5 Nc7 15. Nxe7+ Qxe7 16. g5 fxg5 17. hxg5 Kh7 18. gxh6 g6 19. Bg5 Qf7 20. Rdf1 d5 21. Nc5 Rab8 22. Nxe6 Qxe6 23. exd5 Nxd5 24. Bc4 Ncb4 25. Qxb4 Nxb4 26. Bxe6 Rbe8 27. Bd7 Rb8 28. a3 Nd5 29. Be6 1-0

[Event "Bucaramanga Udi Cup"]
[Site "Bucaramanga"]
[Date "2014.10.18"]
[Round "6"]
[White "Santoyo Silva, Sergio Julian"]
[Black "Lizcano, Edison Jair"]
[Result "0-1"]
[WhiteElo "1869"]
[BlackElo "1798"]
[PlyCount "96"]
[EventDate "2014.10.15"]
[EventType "swiss"]
[EventRounds "9"]
[EventCountry "COL"]
[SourceTitle "EXT 2015"]
[Source "ChessBase"]
[SourceDate "2014.11.20"]
[SourceVersion "1"]
[SourceVersionDate "2014.11.20"]
[SourceQuality "1"]

1. e4 d6 2. d4 Nf6 3. Nc3 g6 4. Bc4 Bg7 5. Nge2 0-0 6. 0-0 c6 7. f3 b5 8. Bd3 Nbd7 9. a3 Nb6 10. Bg5 h6 11. Bh4 Nc4 12. Qc1 a6 13. Bf2 Bb7 14. Bxc4 bxc4 15. Be3 Kh7 16. e5 Nd5 17. Nxd5 cxd5 18. f4 dxe5 19. fxe5 Bc8 20. c3 Bf5 21. Ng3 Bd3 22. Rf2 f6 23. exf6 exf6 24. Qd2 Rb8 25. Ne2 Rb6 26. Nf4 Be4 27. Ne2 Rf7 28. Ng3 Bd3 29. b4 f5 30. Ne2 g5 31. Qd1 f4 32. g3 Qe7 33. Bd2 Re6 34. Nxf4 gxf4 35. Bxf4 Bf6 36. h4 Rg7 37. Qf3 Be4 38. Qh5 Bxh4 39. Kh2 Bg5 40. Be5 Bg6 41. Qe2 Rf7 42. Rxf7+ Qxf7 43. Rf1 Qd7 44. Rf8 Qg7 45. Rc8 Bf6 46. Qg4 Re7 47. Bd6 Rf7 48. Re8 Be4 0-1

[Event "Bogota McGregor op 4th"]
[Site "Bogota"]
[Date "2013.12.06"]
[Round "4"]
[White "Santoyo Silva, Sergio Julian"]
[Black "Becerra, Juan David"]
[Result "0-1"]
[WhiteElo "1879"]
[BlackElo "2221"]
[PlyCount "46"]
[EventDate "2013.12.04"]
[EventType "swiss"]
[EventRounds "9"]
[EventCountry "COL"]
[SourceTitle "CBM 157 Extra"]
[Source "ChessBase"]
[SourceDate "2013.12.19"]
[SourceVersion "1"]
[SourceVersionDate "2013.12.19"]
[SourceQuality "1"]

1. e4 c5 2. Nf3 d6 3. Bb5+ Nd7 4. 0-0 Ngf6 5. Re1 a6 6. Bf1 g6 7. c3 Bg7 8. d3 0-0 9. Bg5 h6 10. Be3 e5 11. h3 d5 12. Bd2 Re8 13. a4 c4 14. exd5 cxd3 15. Be3 e4 16. Nd4 Nxd5 17. Nd2 Kh7 18. g4 Nf8 19. Bg2 f5 20. gxf5 gxf5 21. f4 Nxe3 22. Rxe3 Bxd4 23. cxd4 Qxd4 0-1

[Event "Bogota University op 7th"]
[Site "Bogota"]
[Date "2013.10.12"]
[Round "6"]
[White "Santoyo Silva, Sergio Julian"]
[Black "Moyano, Carlos Andres"]
[Result "0-1"]
[WhiteElo "1839"]
[BlackElo "2072"]
[PlyCount "81"]
[EventDate "2013.10.10"]
[EventType "swiss"]
[EventRounds "9"]
[EventCountry "COL"]
[SourceTitle "CBM 156 Extra"]
[Source "ChessBase"]
[SourceDate "2013.10.22"]
[SourceVersion "1"]
[SourceVersionDate "2013.10.22"]
[SourceQuality "1"]

1. e4 e6 2. d4 d5 3. Nd2 Nf6 4. e5 Nfd7 5. Bd3 c5 6. c3 Nc6 7. Ne2 cxd4 8. cxd4 Qb6 9. Nf3 f6 10. exf6 Nxf6 11. 0-0 Bd6 12. Nc3 a6 13. Re1 0-0 14. Na4 Qc7 15. h3 Bd7 16. a3 Rae8 17. Bg5 e5 18. dxe5 Nxe5 19. Nxe5 Rxe5 20. Rxe5 Bxe5 21. Rc1 Qa5 22. Nc3 Bc6 23. Bf5 d4 24. Bxf6 Rxf6 25. b4 Bh2+ 26. Kxh2 Qxf5 27. Qxd4 Qxf2 28. Qc4+ Kf8 29. Ne4 Qf4+ 30. Ng3 Qxc4 31. Rxc4 Rf2 32. Kh1 Ra2 33. Rf4+ Ke8 34. Ne4 Rxa3 35. Nd6+ Kd7 36. Nxb7 Bxb7 37. Rf7+ Kc6 38. Rxg7 Kb6 39. Rxh7 Rg3 40. h4 Bxg2+ 41. Kh2 0-1

[Event "Bogota University op 7th"]
[Site "Bogota"]
[Date "2013.10.11"]
[Round "3"]
[White "Sanchez Castillo, Sarai Carolina"]
[Black "Santoyo Silva, Sergio Julian"]
[Result "1-0"]
[WhiteElo "2212"]
[BlackElo "1839"]
[PlyCount "35"]
[EventDate "2013.10.10"]
[EventType "swiss"]
[EventRounds "9"]
[EventCountry "COL"]
[SourceTitle "CBM 156 Extra"]
[Source "ChessBase"]
[SourceDate "2013.10.22"]
[SourceVersion "1"]
[SourceVersionDate "2013.10.22"]
[SourceQuality "1"]

1. e4 c5 2. Nf3 d6 3. Nc3 Nf6 4. d4 cxd4 5. Nxd4 a6 6. Bc4 e6 7. Bb3 Be7 8. 0-0 0-0 9. f4 Qc7 10. g4 Nc6 11. Nxc6 Qxc6 12. Qf3 Rd8 13. f5 Ne8 14. g5 Qc5+ 15. Kh1 d5 16. fxe6 Nc7 17. exf7+ Kf8 18. Qh5 1-0

[Event "Bogota op 10"]
[Site "Bogota"]
[Date "2012.10.18"]
[Round "8"]
[White "Nieto, Manuel Valerio Wald"]
[Black "Santoyo Silva, Sergio Julian"]
[Result "1-0"]
[WhiteElo "1927"]
[BlackElo "1632"]
[PlyCount "117"]
[EventDate "2012.10.11"]
[EventType "swiss"]
[EventRounds "9"]
[EventCountry "COL"]
[SourceTitle "EXT 2013"]
[Source "ChessBase"]
[SourceDate "2012.11.22"]
[SourceVersion "1"]
[SourceVersionDate "2012.11.22"]
[SourceQuality "1"]

1. Nf3 c5 2. g3 d5 3. Bg2 Nc6 4. c4 e5 5. 0-0 Nf6 6. cxd5 Nxd5 7. Nc3 Be6 8. d3 f6 9. Qb3 Qd7 10. Nxd5 Bxd5 11. Qc3 Bd6 12. Be3 b6 13. Nd2 Bxg2 14. Kxg2 0-0 15. a3 Rac8 16. h4 Rfd8 17. h5 h6 18. Nf3 Bf8 19. Nh4 Qg4 20. Qb3+ Kh7 21. Qf7 Rd7 22. Qg6+ Qxg6 23. Nxg6 Ne7 24. Nxe7 Bxe7 25. Rac1 Rdc7 26. Rc2 Kg8 27. Rfc1 Kf7 28. g4 Bf8 29. Kf3 Ke6 30. Ke4 Bd6 31. Bd2 a5 32. a4 Rf8 33. Rg1 Rfc8 34. b3 Rf8 35. Rcc1 Rfc8 36. e3 Rf8 37. f4 exf4 38. exf4 f5+ 39. gxf5+ Rxf5 40. Rg6+ Rf6 41. Rcg1 Bf8 42. Bc3 Rxg6 43. Rxg6+ Kf7 44. Rxb6 Ra7 45. Be5 Be7 46. Rg6 Bf8 47. Rc6 Ra8 48. Rc7+ Kg8 49. Rb7 Ra6 50. f5 Kh8 51. Kd5 Kg8 52. Kc4 Ra8 53. Rb8 Rxb8 54. Bxb8 Kf7 55. Be5 Be7 56. Kb5 Bh4 57. Kxa5 Be1+ 58. Kb5 Bb4 59. a5 1-0

[Event "Pan American-ch"]
[Site "Cartagena"]
[Date "2012.07.07"]
[Round "7"]
[White "Padilla, Ivo"]
[Black "Santoyo Silva, Sergio Julian"]
[Result "0-1"]
[WhiteElo "1906"]
[BlackElo "1542"]
[PlyCount "50"]
[EventDate "2012.07.04"]
[EventType "swiss"]
[EventRounds "9"]
[EventCountry "COL"]
[SourceTitle "CBM 149 Extra"]
[Source "ChessBase"]
[SourceDate "2012.08.24"]
[SourceVersion "1"]
[SourceVersionDate "2012.08.24"]
[SourceQuality "1"]

1. e4 c5 2. d4 cxd4 3. c3 dxc3 4. Nxc3 Nc6 5. Nf3 d6 6. Be2 e6 7. 0-0 Nf6 8. Bg5 Be7 9. Qc2 a6 10. Rad1 Qc7 11. Rfe1 0-0 12. Bxf6 Bxf6 13. Nd5 exd5 14. exd5 Bd7 15. b3 Rac8 16. dxc6 Bxc6 17. Nd4 Bxd4 18. Rxd4 Qe7 19. Qd2 Rfe8 20. Rxd6 Bb5 21. Kf1 Bxe2+ 22. Kg1 Qc7 23. h3 Bb5 24. Rd1 h6 25. a4 Bc6 0-1

[Event "Pan American-ch"]
[Site "Cartagena"]
[Date "2012.07.05"]
[Round "4"]
[White "Paez, Adolfo"]
[Black "Santoyo Silva, Sergio Julian"]
[Result "1-0"]
[WhiteElo "1782"]
[BlackElo "1542"]
[PlyCount "74"]
[EventDate "2012.07.04"]
[EventType "swiss"]
[EventRounds "9"]
[EventCountry "COL"]
[SourceTitle "CBM 149 Extra"]
[Source "ChessBase"]
[SourceDate "2012.08.24"]
[SourceVersion "1"]
[SourceVersionDate "2012.08.24"]
[SourceQuality "1"]

1. e4 c5 2. Nf3 d6 3. d4 cxd4 4. Nxd4 Nf6 5. Nc3 a6 6. Bc4 Nc6 7. Bb3 e6 8. Be3 Be7 9. f3 0-0 10. Qd2 Na5 11. 0-0 Nxb3 12. axb3 Qc7 13. Nce2 Bd7 14. c4 b5 15. cxb5 axb5 16. Nc3 Qb7 17. Nde2 Rfc8 18. Rfc1 Ra6 19. Nf4 Rca8 20. Rxa6 Rxa6 21. Nd3 Ra8 22. Ne2 e5 23. Nb4 Rc8 24. Bg5 Rxc1+ 25. Nxc1 Be6 26. Bxf6 Qb6+ 27. Qf2 Qxf2+ 28. Kxf2 Bxf6 29. Nd5 Bxd5 30. exd5 Kf8 31. Ke2 Bd8 32. Kd3 f5 33. Ne2 Bb6 34. Nc3 b4 35. Na4 Bf2 36. Kc4 Be1 37. Nb6 Ke7 1-0

[Event "Santander op"]
[Site "Santander"]
[Date "2011.12.20"]
[Round "6"]
[White "Berbesi, Sarai"]
[Black "Santoyo Silva, Sergio Julian"]
[Result "1-0"]
[WhiteElo "1358"]
[BlackElo "1600"]
[PlyCount "84"]
[EventDate "2011.12.17"]
[EventType "swiss"]
[EventRounds "9"]
[EventCountry "COL"]
[SourceTitle "CBM 146 Extra"]
[Source "ChessBase"]
[SourceDate "2012.02.29"]
[SourceVersion "1"]
[SourceVersionDate "2012.02.29"]
[SourceQuality "1"]

1. e4 c5 2. Nf3 d6 3. d4 cxd4 4. Nxd4 Nf6 5. Nc3 a6 6. Bd3 e5 7. Nf3 Be6 8. 0-0 Be7 9. Re1 h6 10. Be3 Ng4 11. Qd2 Nxe3 12. Rxe3 Bg4 13. Rae1 Nc6 14. Nd5 Be6 15. Nxe7 Qxe7 16. a3 0-0 17. Qe2 Bg4 18. h3 Bxf3 19. Qxf3 Nd4 20. Qg4 Rac8 21. Rc1 Rc7 22. Rg3 g6 23. Qd1 Rfc8 24. Qd2 g5 25. h4 Ne6 26. Qe2 Nf4 27. Qf3 f6 28. Rg4 h5 29. Rg3 g4 30. Qe3 Kh8 31. f3 Rg8 32. c3 Qf7 33. Rc2 gxf3 34. Qxf3 Rxg3 35. Qxg3 Qg7 36. Qxg7+ Rxg7 37. Bf1 Rg4 38. Rd2 Kg7 39. Rxd6 Kg6 40. Rb6 Rxh4 41. c4 Nh3+ 42. gxh3 Rxe4 1-0

[Event "Santander op"]
[Site "Santander"]
[Date "2011.12.18"]
[Round "3"]
[White "Rico Hernandez, Edgar"]
[Black "Santoyo Silva, Sergio Julian"]
[Result "1/2-1/2"]
[WhiteElo "1899"]
[BlackElo "1600"]
[PlyCount "50"]
[EventDate "2011.12.17"]
[EventType "swiss"]
[EventRounds "9"]
[EventCountry "COL"]
[SourceTitle "CBM 146 Extra"]
[Source "ChessBase"]
[SourceDate "2012.02.29"]
[SourceVersion "1"]
[SourceVersionDate "2012.02.29"]
[SourceQuality "1"]

1. d4 d5 2. c4 c6 3. Nc3 e6 4. e3 Nf6 5. Nf3 Nbd7 6. Bd3 dxc4 7. Bxc4 b5 8. Bd3 Bb7 9. 0-0 a6 10. b3 Be7 11. Bb2 c5 12. Re1 cxd4 13. exd4 Qb6 14. Ne4 Nxe4 15. Bxe4 Bxe4 16. Rxe4 Nf6 17. Re2 Nd5 18. Rc1 0-0 19. Ne5 Rfc8 20. a3 Bg5 21. Rxc8+ Rxc8 22. Rc2 Rxc2 23. Qxc2 Qc7 24. Qxc7 Nxc7 25. b4 Nd5 1/2-1/2